Entre el deseo y la materia: obra visual de Claudio Bertoni
محفوظ في:
| المؤلف الرئيسي: | |
|---|---|
| التنسيق: | كتاب |
| اللغة: | الإسبانية |
| منشور في: |
Viña del Mar
Ediciones Altazor
2007
|
| الطبعة: | 2a. ed |
| الموضوعات: | |
| الوسوم: |
إضافة وسم
لا توجد وسوم, كن أول من يضع وسما على هذه التسجيلة!
|
MARC
| LEADER | 00000cam a2200000 a 4500 | ||
|---|---|---|---|
| 001 | UCF3241 | ||
| 003 | CL-VaPUC | ||
| 008 | 121004e20070000CL |||||||||||||||||spa|d | ||
| 020 | |a 9567472467 | ||
| 082 | 0 | 4 | |a 709.04 |b VER |2 21 |
| 100 | 0 | |a Vera Peñaloza, Adolfo |e author |9 565173 | |
| 245 | 1 | 0 | |a Entre el deseo y la materia: obra visual de Claudio Bertoni |
| 250 | |a 2a. ed | ||
| 300 | |a 163 p | ||
| 942 | |c BK | ||
| 945 | |d 20121004 00:00:00 |a dcastane | ||
| 260 | |a Viña del Mar |b Ediciones Altazor |c 2007 | ||
| 650 | 0 | |a Arte contemporáneo chileno |9 464579 | |
| 650 | 0 | |a Crítica e interpretación |9 255042 | |
| 650 | 0 | |a Artistas chilenos |9 344566 | |
| 583 | |a last modification |c 20121004 18:42:00 |k Rodrigo Vera | ||
| 999 | |c 349706 |d 349704 | ||
| 952 | |0 0 |1 0 |4 0 |6 709_040000000000000_VER_2007 |7 0 |8 A |9 452445 |a BIBEDU |b BIBEDU |d 2019-11-22 |i 4910958 |o 709.04 VER 2007 |p 4910958 |r 2019-11-22 |w 2019-11-22 |y BK |k LIT | ||
| 952 | |0 0 |1 0 |4 0 |6 709_040000000000000_VER_2007 |7 0 |8 A |9 452446 |a BIBART |b BIBART |d 2019-11-22 |i 4911008 |l 2 |o 709.04 VER 2007 |p 4911008 |r 2025-03-13 |s 2022-11-24 |w 2019-11-22 |y BK |k ART | ||